Instrumentos y técnicas de recreación: talleres

Este libro ofrece la información básica para el desarrollo de algunos talleres recreativos así como un inventario de diferentes técnicas y actividades base para desarrollar otras más.

Uloženo v:
Podrobná bibliografie
Hlavní autor: Enciso Martínez, Hernando
Další autoři: Rico Alvarez, Carlos Alberto
Médium: Kniha
Jazyk:Spanish
Vydáno: Bogotá: Ediciones Cerlibre, 1988
Edice:Colección tiempo libre y recreación; No. 2
Témata:
On-line přístup:Enlace del recurso
Tagy: Přidat tag
Žádné tagy, Buďte první, kdo vytvoří štítek k tomuto záznamu!

MARC

LEADER 00000nam a2200000 a 4500
001 000899
008 030910s1988 ck a fr# #000|0#spa#d
041 0 |a spa 
043 |a s-ck--- 
082 0 4 |a 790.1  |b E513i 
100 1 |a Enciso Martínez, Hernando 
245 1 0 |a Instrumentos y técnicas de recreación:  |b talleres   |c Hernando Enciso Martínez, Carlos Alberto Rico Alvarez 
260 |a Bogotá:  |b Ediciones Cerlibre,  |c 1988 
300 |a 112 p.:  |b il., gráf., tabl. 
440 0 |a Colección tiempo libre y recreación;  |v No. 2 
520 3 |a Este libro ofrece la información básica para el desarrollo de algunos talleres recreativos así como un inventario de diferentes técnicas y actividades base para desarrollar otras más. 
650 1 4 |a RECREACIÓN 
650 1 4 |a ACTIVIDADES CREATIVAS Y TRABAJO DE CLASE 
700 1 |a Rico Alvarez, Carlos Alberto 
999 |c 3051  |d 3051 
856 |u https://catalogo.idep.edu.co/cgi-bin/koha/opac-detail.pl?biblionumber=3051  |z Enlace del recurso